| 000 | 01034nam a22003257a 4500 | ||
|---|---|---|---|
| 003 | CHAP | ||
| 005 | 20220329143755.0 | ||
| 008 | 110804s1997 enka r 00010 eng d | ||
| 010 | _a101720 | ||
| 011 | _a102692 | ||
| 020 | _a0198549083 | ||
| 035 | _a113381 | ||
| 040 | _cCHAP | ||
| 082 | 0 | 4 |
_a634.95094 _bP69 |
| 245 | 0 | 0 |
_aPlantation silviculture in Europe _c/por Peter Savill ...[et al.] |
| 260 |
_aOxford, U.K. : _bOxford University, _c1997 |
||
| 300 |
_aix, 297 p. : _bilus., tablas |
||
| 590 |
_aBATCH-UPD _b10 _c20130110 _lUCH01 _h1401 |
||
| 590 |
_aBATCH-UPD _b10 _c20130410 _lUCH01 _h0852 |
||
| 590 |
_aBATCH-UPD _b10 _c20130914 _lUCH01 _h0705 |
||
| 590 |
_aCONVERSION _b10 _c20130109 _lUCH01 _h1356 |
||
| 650 | 1 | 4 |
_aBosques. _914002 |
| 650 | 1 | 4 |
_aPlantación de árboles. _988782 |
| 650 | 1 | 4 |
_aSilvicultura _xEuropa. _9106118 |
| 650 | 1 | 4 |
_aViveros forestales. _9120100 |
| 700 | 0 |
_aSavill, Peter S. _9102789 |
|
| 901 | _aBK | ||
| 942 | _cLIBRO | ||
| 949 |
_a634.95094 P69 _bBC _cLIBRO _d33724002246959 _eLIBRO _h115484 _i113381 _si |
||
| 999 |
_c101720 _d101720 |
||